Städte in Nordrhein-Westfalen - Karten-Quiz - Statistiken

Allgemein
  • Dieses Quiz wurde 43 mal gespielt
    22 seit der letzten Aktualisierung
  • Das Durchschnittsergebnis liegt bei 15 aus 20
Antworten auf der Karte
Die Antworten werden auf der Karte rot bzw. grün angezeigt, abhängig davon wie oft sie richtig erraten wurden.
 
Antwortstatistiken
Antwort % Korrekt
Aachen
87%
Bonn
87%
Dortmund
87%
Düsseldorf
87%
Köln
87%
Münster
87%
Siegen
87%
Bielefeld
80%
Duisburg
80%
Essen
80%
Hamm
80%
Mönchengladbach
80%
Bocholt
73%
Düren
73%
Paderborn
73%
Rheine
73%
Arnsberg
67%
Lüdenscheid
60%
Dülmen
53%
Minden
53%
Keine übereinstimmenden Quizze gefunden
Verteilung der Resultate
Anzahl Personen mit jedem Resultat
Perzentil nach korrekt beantworteten Fragen
Ihre Resultats-Entwicklung
Sie haben dieses Quiz seit der letzten Aktualisierung nicht gespielt